Premières dames de France par images - Statistiques

Statistiques générales
  • Ce quiz a été pris 9 009 fois
  • Le résultat moyen est 4 sur 9
Statistiques - réponses
Par images Réponse % Correct
Brigitte Macron
99%
Bernadette Chirac
83%
Carla Bruni-Sarkozy
79%
Valérie Trierweiler
44%
Yvonne de Gaulle
35%
Cécilia Sarkozy
29%
Anne-Aymone Giscard d'Estaing
23%
Danielle Mitterand
22%
Claude Pompidou
17%
Aucun quiz correspondant
Distribution des résultats
% des personnes avec chaque résultat
Percentile par nombre de réponses
Votre historique - résultats
Vous n’avez pas pris ce quiz